[Event "DEM U16 2016"]
[Site "Willingen GER"]
[Date "2016.05.17"]
[Round "5"]
[White "Fieberg, Samuel"]
[Black "Ravina, David"]
[Result "0-1"]
[Termination "normal"]
[Board "9"]
[WhiteElo "2176"]
[BlackElo "2129"]
[WhiteClock "00:05:04"]
[BlackClock "00:10:09"]
[PlyCount "98"]
[WhiteFideId "12901717"]
[BlackFideId "12921858"]
[EventCountry "GER"]
[EventRounds "9"]
[EventType "swiss"]
[EventDate "2016.05.14"]

1. e4 e5 2. Nf3 Nc6 3. Bc4 Bc5 4. c3 Nf6 5. d3 a6 6. Nbd2 Ba7 7. Bb3 d6 8. O-O
O-O 9. h3 Nh5 10. Re1 Qf6 11. Nf1 Qg6 12. d4 Bxh3 13. Nh4 Qg4 14. Qxg4 Bxg4 15.
d5 Ne7 16. Ne3 Bd7 17. Bd2 Nf4 18. g3 Nd3 19. Reb1 f5 20. exf5 Nxf5 21. Nhxf5
Bxf5 22. Bc2 Be4 23. Rf1 Nxf2 24. Rxf2 Rxf2 25. Kxf2 Bxc2 26. Ke2 Be4 27. c4
Rf8 28. b3 Rf3 29. Rg1 Bd4 30. a3 h5 31. Bc1 g5 32. Bd2 Kh7 33. b4 g4 34. a4
Bxe3 35. Bxe3 Bc2 36. a5 Bb3 37. Rc1 Rxg3 38. Rc3 Ba2 39. b5 h4 40. b6 cxb6 41.
axb6 h3 42. Rc1 Kg6 43. c5 dxc5 44. d6 Be6 45. Bxc5 Rb3 46. Be3 Rb2+ 47. Kd3
Bf5+ 48. Kc4 h2 49. Kd5 Rb1 0-1

[Event "DEM U16 2016"]
[Site "Willingen GER"]
[Date "2016.05.17"]
[Round "5"]
[White "Spitzl, Vinzent"]
[Black "Niermann, Tristan"]
[Result "1/2-1/2"]
[Termination "normal"]
[Board "10"]
[WhiteElo "2253"]
[BlackElo "2025"]
[WhiteClock "00:00:39"]
[BlackClock "00:02:10"]
[PlyCount "176"]
[WhiteFideId "12901253"]
[BlackFideId "12990698"]
[EventCountry "GER"]
[EventRounds "9"]
[EventType "swiss"]
[EventDate "2016.05.14"]

1. e4 e5 2. Nf3 Nc6 3. Bb5 a6 4. Ba4 Nf6 5. Qe2 b5 6. Bb3 Bc5 7. c3 O-O 8. O-O
Re8 9. d3 d5 10. exd5 Nxd5 11. Qe4 Nce7 12. Nxe5 Bb7 13. Qf3 f6 14. d4 Bd6 15.
Nd3 Kh8 16. Re1 Rb8 17. Qd1 Ng6 18. Nd2 Nh4 19. Ne4 Rxe4 20. Rxe4 Nxc3 21. bxc3
Bxe4 22. f3 Bb7 23. Bf4 Qd7 24. Qe1 Ng6 25. Bxd6 cxd6 26. Qe6 Qxe6 27. Bxe6 Re8
28. Re1 Nf8 29. Bb3 Rxe1+ 30. Nxe1 g6 31. Nc2 Nd7 32. Kf2 Kg7 33. Ne3 Nb6 34.
Ke2 d5 35. Kd2 Kf7 36. Kc1 Ke6 37. Kb2 Kd6 38. Ng4 Nd7 39. Ka3 h5 40. Nf2 Nb8
41. h4 Nc6 42. Nh3 Ne7 43. Nf4 Bc8 44. Bc2 f5 45. Nd3 Nc6 46. Nf4 Ne7 47. Kb3
Bd7 48. Bd3 Kc6 49. Be2 Kb6 50. Bd1 Be8 51. Kc2 Kc6 52. Nd3 Kd6 53. Kd2 f4 54.
Nxf4 Nf5 55. g4 Nxh4 56. Ke3 hxg4 57. fxg4 g5 58. Nh3 Bd7 59. Nxg5 Ng2+ 60. Kf2
Nf4 61. Nf7+ Ke7 62. Ne5 Ne6 63. Bb3 b4 64. Nxd7 Kxd7 65. Bxd5 Nf4 66. Bb3 bxc3
67. Ke3 Nh3 68. Bc2 Kd6 69. Be4 a5 70. Bf3 c2 71. Kd2 Ng5 72. Bg2 Ne6 73. Kxc2
Nxd4+ 74. Kc3 Kc5 75. Kd3 Ne6 76. Ke4 Kd6 77. Kf5 Ke7 78. Bd5 Nd4+ 79. Ke5 Nb5
80. g5 Nd6 81. g6 Ne8 82. Bf7 Nd6 83. Bb3 Ne8 84. Kd5 Kf6 85. Bc2 Nc7+ 86. Kc5
Na6+ 87. Kb5 Nb4 88. Kxa5 Nxa2 1/2-1/2

[Event "DEM U16 2016"]
[Site "Willingen GER"]
[Date "2016.05.17"]
[Round "5"]
[White "Silber, Kevin"]
[Black "Tiarks, Jann-Christian"]
[Result "0-1"]
[Termination "normal"]
[Board "11"]
[WhiteElo "1956"]
[BlackElo "1983"]
[WhiteClock "00:13:32"]
[BlackClock "01:12:23"]
[PlyCount "90"]
[WhiteFideId "12930440"]
[BlackFideId "12951595"]
[EventCountry "GER"]
[EventRounds "9"]
[EventType "swiss"]
[EventDate "2016.05.14"]

1. e4 c5 2. Nf3 Nf6 3. Nc3 d5 4. exd5 Nxd5 5. Ne4 e6 6. d4 cxd4 7. Nxd4 Be7 8.
c3 O-O 9. Bd3 e5 10. Nc2 f5 11. Bc4 Be6 12. Ng5 Bxg5 13. Bxg5 Qxg5 14. Bxd5 Qe7
15. O-O Kh8 16. Re1 Bxd5 17. Qxd5 Nc6 18. Rad1 Rad8 19. Qb3 e4 20. Rd5 Rxd5 21.
Qxd5 Qd8 22. Rd1 Qb6 23. Qb3 Qxb3 24. axb3 Rd8 25. Rxd8+ Nxd8 26. Nd4 g6 27. g4
Nc6 28. gxf5 Nxd4 29. cxd4 gxf5 30. Kg2 f4 31. Kh3 h5 32. Kg2 Kg7 33. Kf1 Kf6
34. Ke2 Ke6 35. Kd2 Kd5 36. Kc3 a5 37. h4 b6 38. Kc2 Kxd4 39. Kd2 e3+ 40. fxe3+
fxe3+ 41. Ke2 Ke4 42. Ke1 Kd3 43. Kd1 e2+ 44. Ke1 b5 45. b4 a4 0-1

[Event "DEM U16 2016"]
[Site "Willingen GER"]
[Date "2016.05.17"]
[Round "5"]
[White "Degenhard, Simon"]
[Black "Schlick, Stefan"]
[Result "1-0"]
[Termination "normal"]
[Board "12"]
[WhiteElo "1967"]
[BlackElo "1918"]
[WhiteClock "00:41:07"]
[BlackClock "00:04:51"]
[PlyCount "67"]
[WhiteFideId "12944017"]
[BlackFideId "16211332"]
[EventCountry "GER"]
[EventRounds "9"]
[EventType "swiss"]
[EventDate "2016.05.14"]

1. e4 e5 2. Nf3 Nc6 3. Bb5 Nf6 4. d3 Bc5 5. c3 d6 6. O-O O-O 7. h3 h6 8. Re1
Bd7 9. Nbd2 a6 10. Ba4 Ba7 11. Nf1 Ne7 12. Bc2 Ng6 13. Ng3 Qc8 14. d4 c5 15.
dxe5 dxe5 16. Nf5 Rd8 17. Qe2 Be6 18. N3h4 Kh7 19. Qf3 Nxh4 20. Nxh4 Ng8 21.
Qg3 g5 22. Nf5 f6 23. h4 Bb8 24. hxg5 fxg5 25. Bxg5 Rd7 26. Qh4 Qf8 27. Rad1
Bc7 28. Rxd7+ Bxd7 29. Re3 Re8 30. Rh3 Re6 31. Bb3 Rg6 32. Bxg8+ Kxg8 33. Nxh6+
Rxh6 34. Bxh6 1-0

[Event "DEM U16 2016"]
[Site "Willingen GER"]
[Date "2016.05.17"]
[Round "5"]
[White "Savchenko, Daniel"]
[Black "Zimmer, Luca"]
[Result "1-0"]
[Termination "normal"]
[Board "13"]
[WhiteElo "1955"]
[BlackElo "1598"]
[WhiteClock "00:57:35"]
[BlackClock "00:02:19"]
[PlyCount "71"]
[WhiteFideId "12919195"]
[BlackFideId "12921424"]
[EventCountry "GER"]
[EventRounds "9"]
[EventType "swiss"]
[EventDate "2016.05.14"]

1. e4 e6 2. Nf3 d5 3. Nc3 Nf6 4. e5 Nfd7 5. d4 a6 6. Bd3 c5 7. dxc5 Bxc5 8. Qe2
Nc6 9. Bf4 d4 10. Ne4 Bb4+ 11. c3 dxc3 12. bxc3 Be7 13. O-O O-O 14. Rfd1 Qc7
15. Nd6 Ndxe5 16. Bxe5 Nxe5 17. Qxe5 Bxd6 18. Bxh7+ Kxh7 19. Qh5+ Kg8 20. Ng5
Rd8 21. Qh7+ Kf8 22. Qh8+ Ke7 23. Qxg7 Rf8 24. Nh7 Bd7 25. Qf6+ Ke8 26. Nxf8
Bxf8 27. h4 Ba4 28. Rd4 Bc2 29. h5 Rd8 30. Rg4 Rd1+ 31. Rxd1 Bxd1 32. Rg8 Qc5
33. h6 Bc2 34. g4 Kd7 35. Qxf7+ Qe7 36. Rxf8 1-0

[Event "DEM U16 2016"]
[Site "Willingen GER"]
[Date "2016.05.17"]
[Round "5"]
[White "Piskaykin, Bogdan"]
[Black "Wiesner, Alexander"]
[Result "1/2-1/2"]
[Termination "normal"]
[Board "14"]
[WhiteElo "1869"]
[BlackElo "1832"]
[WhiteClock "00:28:32"]
[BlackClock "00:20:52"]
[PlyCount "111"]
[WhiteFideId "12941212"]
[BlackFideId "12943991"]
[EventCountry "GER"]
[EventRounds "9"]
[EventType "swiss"]
[EventDate "2016.05.14"]

1. e4 e6 2. d4 d5 3. e5 c5 4. c3 Nc6 5. Nf3 Qb6 6. a3 Bd7 7. b4 cxd4 8. cxd4
Rc8 9. Be3 Nh6 10. Bd3 Ng4 11. O-O Nxe3 12. fxe3 g6 13. Nbd2 Bh6 14. Qe2 Ne7
15. Rfc1 Rxc1+ 16. Rxc1 Nf5 17. Nf1 O-O 18. Rc5 Rc8 19. Rxc8+ Bxc8 20. g4 Ne7
21. Qc2 Bd7 22. g5 Bf8 23. N1d2 Nf5 24. Bxf5 exf5 25. Qc3 Ba4 26. Kf2 Qb5 27.
Ne1 b6 28. Nd3 Bd1 29. Ke1 Bg4 30. Nf4 Be7 31. h3 Bh5 32. Qc8+ Kg7 33. Nxh5+
gxh5 34. Qxf5 a5 35. bxa5 Qxa5 36. e6 fxe6 37. Qxe6 Bxg5 38. Qd7+ Kg6 39. Qe8+
Kg7 40. Qxh5 h6 41. h4 Bf6 42. Qg4+ Kh7 43. Qf5+ Kg7 44. h5 Bg5 45. Qg6+ Kf8
46. Qd6+ Kg7 47. Qd7+ Kf8 48. a4 Qc3 49. Qf5+ Ke7 50. Qe5+ Kf8 51. Ke2 Qa3 52.
Qh8+ Kf7 53. Qh7+ Kf8 54. Qh8+ Kf7 55. Qe5 Kf8 56. Qh8+ 1/2-1/2

[Event "DEM U16 2016"]
[Site "Willingen GER"]
[Date "2016.05.17"]
[Round "5"]
[White "Wurst, Maximilian"]
[Black "Oberhofer, Cédric"]
[Result "0-1"]
[Termination "normal"]
[Board "15"]
[WhiteElo "1751"]
[BlackElo "2090"]
[WhiteClock "01:13:27"]
[BlackClock "00:35:58"]
[PlyCount "64"]
[WhiteFideId "12971812"]
[BlackFideId "12941220"]
[EventCountry "GER"]
[EventRounds "9"]
[EventType "swiss"]
[EventDate "2016.05.14"]

1. e4 c5 2. Nf3 d6 3. d4 cxd4 4. Nxd4 Nf6 5. Nc3 a6 6. Be2 e6 7. Be3 Be7 8. O-O
Qc7 9. f4 O-O 10. Qe1 Nc6 11. Nb3 b5 12. a3 Rb8 13. Qg3 Kh8 14. Nd4 b4 15. Nxc6
Qxc6 16. axb4 Rxb4 17. e5 dxe5 18. fxe5 Nd5 19. Nxd5 exd5 20. Bd3 Bh4 21. Qf3
Bg4 22. Rxa6 Qxa6 23. Bxa6 Bxf3 24. Rxf3 Be7 25. b3 Re4 26. Bf4 Bc5+ 27. Kf1
Ra8 28. b4 Bxb4 29. Bd3 Ra1+ 30. Kf2 Be1+ 31. Kg1 Bd2+ 32. Kf2 Rxf4 0-1

[Event "DEM U16 2016"]
[Site "Willingen GER"]
[Date "2016.05.18"]
[Round "6"]
[White "Urban, Konstantin"]
[Black "Kololli, Martin"]
[Result "1-0"]
[Termination "normal"]
[Board "1"]
[WhiteElo "2242"]
[BlackElo "2259"]
[WhiteClock "00:10:41"]
[BlackClock "00:28:56"]
[PlyCount "101"]
[WhiteFideId "12927511"]
[BlackFideId "12936910"]
[EventCountry "GER"]
[EventRounds "9"]
[EventType "swiss"]
[EventDate "2016.05.14"]

1. e4 e5 2. Nf3 Nc6 3. Bb5 a6 4. Ba4 Nf6 5. O-O Be7 6. d3 b5 7. Bb3 d6 8. a4
Bd7 9. Nc3 Na5 10. Ba2 O-O 11. Bg5 c6 12. b4 Nb7 13. axb5 axb5 14. Bb3 Bg4 15.
Qe2 Qd7 16. h3 Be6 17. Bxe6 fxe6 18. Rfb1 Rfc8 19. Qd1 Rxa1 20. Rxa1 c5 21.
bxc5 Nxc5 22. Rb1 Rb8 23. Be3 Qc6 24. Bxc5 Qxc5 25. Rb3 Ne8 26. Qb1 Nc7 27. Qb2
h6 28. Na2 Ra8 29. Nb4 Ra4 30. c3 Bf6 31. Ra3 d5 32. Qa2 Rxb4 33. cxb4 Qc1+ 34.
Kh2 Qf4+ 35. Kg1 Qc1+ 36. Kh2 Qf4+ 37. Kh1 dxe4 38. dxe4 Qxe4 39. Rc3 Nd5 40.
Qa8+ Kh7 41. Rc8 Kg6 42. Rf8 Qb1+ 43. Kh2 Nc7 44. Qc6 e4 45. Nh4+ Bxh4 46. Qxc7
Bf6 47. Qf7+ Kh7 48. Qe8 Be5+ 49. g3 g5 50. Qf7+ Bg7 51. Qg8+ 1-0

[Event "DEM U16 2016"]
[Site "Willingen GER"]
[Date "2016.05.18"]
[Round "6"]
[White "Schröder, Kevin"]
[Black "Polster, Christian"]
[Result "1-0"]
[Termination "normal"]
[Board "2"]
[WhiteElo "2361"]
[BlackElo "2150"]
[WhiteClock "00:37:23"]
[BlackClock "00:00:35"]
[PlyCount "71"]
[WhiteFideId "12929840"]
[BlackFideId "12965081"]
[EventCountry "GER"]
[EventRounds "9"]
[EventType "swiss"]
[EventDate "2016.05.14"]

1. e4 c5 2. Nf3 d6 3. d4 cxd4 4. Nxd4 Nf6 5. Nc3 a6 6. g3 e5 7. Nde2 Nbd7 8. a4
b6 9. Nd5 Nxd5 10. Qxd5 Rb8 11. Bg2 Be7 12. O-O O-O 13. Nc3 Bb7 14. Qd1 Rc8 15.
Be3 Nf6 16. Qd3 Qc7 17. Rfd1 Nd7 18. Qe2 g6 19. Rac1 Nc5 20. b3 Qb8 21. Nd5 Bd8
22. h4 f5 23. exf5 gxf5 24. Bg5 Ne6 25. Be7 Bxd5 26. Bxd5 Bxe7 27. Bxe6+ Kh8
28. Qh5 f4 29. Bd5 Rf6 30. g4 Rc3 31. Rd3 Qc8 32. Rxc3 Qxc3 33. Qe8+ Bf8 34. g5
Rf5 35. Qe6 Qh3 36. Qg8# 1-0

[Event "DEM U16 2016"]
[Site "Willingen GER"]
[Date "2016.05.18"]
[Round "6"]
[White "Buckels, Valentin"]
[Black "Gungl, Theo"]
[Result "1-0"]
[Termination "normal"]
[Board "3"]
[WhiteElo "2240"]
[BlackElo "2326"]
[WhiteClock "00:03:30"]
[BlackClock "00:02:15"]
[PlyCount "79"]
[WhiteFideId "12942766"]
[BlackFideId "24695653"]
[EventCountry "GER"]
[EventRounds "9"]
[EventType "swiss"]
[EventDate "2016.05.14"]

1. d4 d5 2. c4 c6 3. Nf3 Nf6 4. Qc2 e6 5. Nbd2 Nbd7 6. g3 Bd6 7. Bg2 O-O 8. O-O
Qe7 9. e4 dxe4 10. Nxe4 Nxe4 11. Qxe4 e5 12. Re1 f5 13. Qc2 e4 14. Nd2 Qf7 15.
f3 Qf6 16. fxe4 Qxd4+ 17. Kh1 Ne5 18. Nf3 Qxc4 19. Qxc4+ Nxc4 20. e5 Bb4 21.
Rd1 Be6 22. a3 Bc5 23. b4 Bb6 24. Ng5 Rfe8 25. b5 Nxe5 26. bxc6 Ng4 27. Nh3
Rad8 28. Rxd8 Rxd8 29. Bg5 Re8 30. cxb7 Bc7 31. Bf4 Bb8 32. Rc1 h6 33. Bxb8
Rxb8 34. Nf4 Bd7 35. Rc7 Nf6 36. Nd5 Be6 37. Ne7+ Kf8 38. Nc6 Ne8 39. Nxb8 Nxc7
40. Nd7+ 1-0

[Event "DEM U16 2016"]
[Site "Willingen GER"]
[Date "2016.05.18"]
[Round "6"]
[White "Bergauz, Noam"]
[Black "Rieß, Alexander"]
[Result "0-1"]
[Termination "normal"]
[Board "4"]
[BlackTitle "FM"]
[WhiteElo "2301"]
[BlackElo "2205"]
[WhiteClock "00:04:34"]
[BlackClock "00:08:46"]
[PlyCount "92"]
[WhiteFideId "12938033"]
[BlackFideId "12953326"]
[EventCountry "GER"]
[EventRounds "9"]
[EventType "swiss"]
[EventDate "2016.05.14"]

1. e4 e6 2. d4 d5 3. Nd2 c5 4. Ngf3 cxd4 5. Nxd4 Nc6 6. Bb5 Bd7 7. Nxc6 bxc6 8.
Bd3 Bd6 9. Qe2 Ne7 10. Nf3 Ng6 11. e5 Bc7 12. O-O O-O 13. Ng5 Qe8 14. h4 h6 15.
h5 Nxe5 16. Nh7 Nxd3 17. Qxd3 e5 18. Nxf8 e4 19. Qa3 Qe5 20. g3 Bg4 21. Nd7
Qxh5 22. Qe7 Qh3 23. Qh4 Qxh4 24. gxh4 Bxd7 25. f4 Bb6+ 26. Kg2 Bf5 27. c3 c5
28. Bd2 d4 29. Rae1 Bd8 30. b4 Bxh4 31. bxc5 Bxe1 32. Rxe1 Rb8 33. Kg3 d3 34.
Be3 Bd7 35. f5 Bc6 36. f6 g5 37. Rh1 Rb2 38. Rxh6 Re2 39. Bxg5 d2 40. Bxd2 Rxd2
41. Rh4 Rd3+ 42. Kf4 Rxc3 43. Ke5 Rd3 44. Rg4+ Kf8 45. Rh4 Rd5+ 46. Kf4 Ke8 0-1

[Event "DEM U16 2016"]
[Site "Willingen GER"]
[Date "2016.05.18"]
[Round "6"]
[White "Schmidek, Emil"]
[Black "Ravina, David"]
[Result "1-0"]
[Termination "normal"]
[Board "5"]
[WhiteElo "2242"]
[BlackElo "2129"]
[WhiteClock "00:08:22"]
[BlackClock "00:05:13"]
[PlyCount "59"]
[WhiteFideId "12908150"]
[BlackFideId "12921858"]
[EventCountry "GER"]
[EventRounds "9"]
[EventType "swiss"]
[EventDate "2016.05.14"]

1. e4 e5 2. Nf3 Nc6 3. Bb5 f5 4. d3 fxe4 5. dxe4 Nf6 6. O-O Bc5 7. Qd3 Nd4 8.
Bc4 d6 9. Nxd4 Bxd4 10. a4 a6 11. Nc3 Qe7 12. Bg5 Bxc3 13. Bxf6 Qxf6 14. Qxc3
g5 15. Bd5 Kd8 16. Rad1 Rb8 17. Rd3 Be6 18. Rfd1 h6 19. Rf3 Qg6 20. Bxe6 Qxe6
21. Rf5 Re8 22. Rd3 Qa2 23. h3 Qxa4 24. Rxe5 Rxe5 25. Qxe5 Qxc2 26. Qf6+ Kd7
27. Qg7+ Kc8 28. Rc3 Qb1+ 29. Kh2 c6 30. Rf3 1-0

[Event "DEM U16 2016"]
[Site "Willingen GER"]
[Date "2016.05.18"]
[Round "6"]
[White "Tiarks, Jann-Christian"]
[Black "Pallas, Sebastian"]
[Result "0-1"]
[Termination "normal"]
[Board "6"]
[WhiteElo "1983"]
[BlackElo "2225"]
[WhiteClock "01:09:02"]
[BlackClock "00:18:57"]
[PlyCount "88"]
[WhiteFideId "12951595"]
[BlackFideId "12905453"]
[EventCountry "GER"]
[EventRounds "9"]
[EventType "swiss"]
[EventDate "2016.05.14"]

1. c4 Nf6 2. Nc3 d5 3. cxd5 Nxd5 4. Nf3 g6 5. d4 Bg7 6. e3 O-O 7. Bd3 c5 8. O-O
Nc6 9. Nxd5 Qxd5 10. e4 Qd8 11. dxc5 Qa5 12. Bd2 Qxc5 13. Rc1 Qd6 14. Bc3 Bg4
15. Be2 Rfd8 16. Qb3 Bxc3 17. Rxc3 Bxf3 18. Bxf3 Rab8 19. Qa4 Qe5 20. Qa3 Rd2
21. g3 Rbd8 22. Bg2 Rd1 23. Rc1 Rxf1+ 24. Rxf1 Rd2 25. b3 a6 26. f4 Qd4+ 27.
Kh1 Qe3 28. Qc1 Qe2 29. Rg1 Rxa2 30. Qc5 Ra5 31. Qc3 Ra2 32. e5 Rc2 33. Qa1 Rb2
34. Qa4 Qc2 35. Qa1 Qxb3 36. Qc1 Qa2 37. Qc5 a5 38. f5 gxf5 39. Qe3 Qe6 40. Rd1
Nxe5 41. Qa7 Kg7 42. Qxa5 Ng4 43. Rf1 Qe2 44. Qd5 Qxg2+ 0-1

[Event "DEM U16 2016"]
[Site "Willingen GER"]
[Date "2016.05.18"]
[Round "6"]
[White "Muckle, Julius"]
[Black "Lagunow, Raphael"]
[Result "1-0"]
[Termination "normal"]
[Board "7"]
[WhiteElo "2163"]
[BlackElo "2311"]
[WhiteClock "00:01:18"]
[BlackClock "00:00:40"]
[PlyCount "75"]
[WhiteFideId "12942430"]
[BlackFideId "24652644"]
[EventCountry "GER"]
[EventRounds "9"]
[EventType "swiss"]
[EventDate "2016.05.14"]

1. d4 d5 2. c4 c6 3. Nc3 Nf6 4. Nf3 e6 5. e3 Nbd7 6. Qc2 Bd6 7. b3 O-O 8. Bb2
b6 9. Bd3 Bb7 10. O-O Re8 11. e4 dxc4 12. bxc4 e5 13. Ne2 Qc7 14. c5 Bf8 15.
cxb6 axb6 16. dxe5 Ng4 17. e6 Rxe6 18. Ned4 Ree8 19. e5 h6 20. e6 fxe6 21. Nxe6
Qb8 22. Bc4 Kh8 23. Qg6 Nge5 24. Nxe5 Nxe5 25. Qg3 Ra5 26. Bb3 Kh7 27. f4 Ng6
28. Nxf8+ Rxf8 29. Bc2 Raf5 30. Rad1 Bc8 31. h4 h5 32. Be5 Qa7 33. Rd6 b5+ 34.
Kh2 Qf7 35. Rxc6 Bd7 36. Rd6 Be6 37. Rfd1 Ne7 38. Rxe6 1-0

[Event "DEM U16 2016"]
[Site "Willingen GER"]
[Date "2016.05.18"]
[Round "6"]
[White "Kitze, Alexander"]
[Black "Spitzl, Vinzent"]
[Result "1/2-1/2"]
[Termination "normal"]
[Board "8"]
[WhiteElo "2231"]
[BlackElo "2253"]
[WhiteClock "00:07:50"]
[BlackClock "00:25:49"]
[PlyCount "99"]
[WhiteFideId "12914827"]
[BlackFideId "12901253"]
[EventCountry "GER"]
[EventRounds "9"]
[EventType "swiss"]
[EventDate "2016.05.14"]

1. e4 e5 2. Nf3 Nc6 3. Bb5 a6 4. Ba4 Nf6 5. O-O Be7 6. Re1 b5 7. Bb3 d6 8. c3
O-O 9. h3 Nb8 10. d4 Nbd7 11. Nbd2 Bb7 12. Bc2 Re8 13. Nf1 Bf8 14. Ng3 g6 15.
b3 c6 16. Bg5 h6 17. Be3 exd4 18. cxd4 c5 19. d5 Bg7 20. Rc1 Rc8 21. Qd2 Kh7
22. Nh2 c4 23. bxc4 Rxc4 24. Bd3 Rxc1 25. Rxc1 Ne5 26. Be2 Qe7 27. Qb4 h5 28.
Ngf1 Rc8 29. Rxc8 Bxc8 30. Nd2 Qc7 31. Nhf3 Nxf3+ 32. Nxf3 Nd7 33. Qd2 Ne5 34.
Nxe5 Bxe5 35. f4 Bg7 36. Bf1 Qc3 37. Qxc3 Bxc3 38. Bb6 f5 39. Bd3 fxe4 40. Bxe4
Bf5 41. Bxf5 gxf5 42. Kf2 Bd2 43. Kf3 Kg6 44. Bc7 Bb4 45. Ke2 Bc5 46. Ba5 Kf6
47. Kd3 Ke7 48. Ke2 Kf7 49. Kd3 Ke7 50. Ke2 1/2-1/2

[Event "DEM U16 2016"]
[Site "Willingen GER"]
[Date "2016.05.18"]
[Round "6"]
[White "Kololli, Kevin"]
[Black "Ovsepyan, Arshak"]
[Result "0-1"]
[Termination "normal"]
[Board "9"]
[WhiteElo "2164"]
[BlackElo "2158"]
[WhiteClock "01:07:16"]
[BlackClock "00:44:37"]
[PlyCount "44"]
[WhiteFideId "12936863"]
[BlackFideId "24690236"]
[EventCountry "GER"]
[EventRounds "9"]
[EventType "swiss"]
[EventDate "2016.05.14"]

1. e4 Nf6 2. Nc3 d5 3. e5 Nfd7 4. e6 fxe6 5. d4 g6 6. Bf4 Bg7 7. Nf3 O-O 8. Bg3
a6 9. h4 Nf6 10. Bd3 Nc6 11. h5 Nxh5 12. Rxh5 gxh5 13. Be5 Nxe5 14. dxe5 Qe8
15. Ne2 c5 16. c3 Bh6 17. Ng3 Qf7 18. Ke2 Bd7 19. a4 b5 20. Qh1 bxa4 21. c4
Rab8 22. Ra2 dxc4 0-1

[Event "DEM U16 2016"]
[Site "Willingen GER"]
[Date "2016.05.18"]
[Round "6"]
[White "Niermann, Tristan"]
[Black "Martin, Julian"]
[Result "1/2-1/2"]
[Termination "normal"]
[Board "10"]
[WhiteElo "2025"]
[BlackElo "2325"]
[WhiteClock "00:09:36"]
[BlackClock "00:06:58"]
[PlyCount "82"]
[WhiteFideId "12990698"]
[BlackFideId "12941000"]
[EventCountry "GER"]
[EventRounds "9"]
[EventType "swiss"]
[EventDate "2016.05.14"]

1. d4 Nf6 2. c4 e6 3. g3 d5 4. Nf3 dxc4 5. Bg2 Nc6 6. Qa4 Nd7 7. Qxc4 Nb6 8.
Qb5 a6 9. Qd3 e5 10. Nxe5 Nb4 11. Qd1 Qxd4 12. Qxd4 Nc2+ 13. Kd1 Nxd4 14. Be3
Nf5 15. Bxb6 cxb6 16. Nc3 Bc5 17. e3 b5 18. Rc1 O-O 19. Ke2 Re8 20. Nd3 Bd6 21.
Rhd1 Rb8 22. Nd5 b6 23. N3b4 Bb7 24. Bh3 Bxb4 25. Nxb4 Ne7 26. Rc7 a5 27. Rdd7
Bc8 28. Rxe7 Rxe7 29. Rxe7 Bxh3 30. Nc6 Rc8 31. Na7 Rd8 32. Nxb5 Bd7 33. Nc3 f5
34. Re5 Kf7 35. Rd5 Ke6 36. Kd2 b5 37. Rd4 Rc8 38. Nd5 Bc6 39. Nf4+ Ke7 40. Ke2
g5 41. Nd3 Be4 1/2-1/2

[Event "DEM U16 2016"]
[Site "Willingen GER"]
[Date "2016.05.18"]
[Round "6"]
[White "Degenhard, Simon"]
[Black "Fieberg, Samuel"]
[Result "1/2-1/2"]
[Termination "normal"]
[Board "11"]
[WhiteElo "1967"]
[BlackElo "2176"]
[WhiteClock "00:22:08"]
[BlackClock "00:03:45"]
[PlyCount "116"]
[WhiteFideId "12944017"]
[BlackFideId "12901717"]
[EventCountry "GER"]
[EventRounds "9"]
[EventType "swiss"]
[EventDate "2016.05.14"]

1. d4 d5 2. Nf3 Nf6 3. e3 c5 4. b3 Nbd7 5. Bb2 e6 6. Nbd2 Bd6 7. Ne5 O-O 8. Bd3
a6 9. a4 b6 10. f4 Bb7 11. Qf3 Qc7 12. Qh3 Ne4 13. O-O f5 14. Nxe4 dxe4 15. Bc4
Bd5 16. Bxd5 exd5 17. c3 Nb8 18. Rfc1 Nc6 19. Nxc6 Qxc6 20. Qg3 c4 21. b4 Qd7
22. Qf2 Rf6 23. Kf1 Kf7 24. Ke2 Ke6 25. Kd2 Rg8 26. a5 b5 27. Rg1 g5 28. g3 Qf7
29. Kc2 Qh5 30. Raf1 Rh6 31. Rh1 gxf4 32. exf4 Rhg6 33. Rhg1 Qh3 34. Bc1 h5 35.
Bd2 h4 36. Be1 Rg4 37. Qd2 Bc7 38. Kb2 Bd6 39. Kc2 Kf6 40. Kb1 R8g7 41. Kc2 e3
42. Qe2 Bxf4 43. Qf3 Qxh2+ 44. Rg2 Rxg3 45. Rxh2 Rxf3 46. Bxh4+ Ke6 47. Rxf3
Bxh2 48. Rxe3+ Kd7 49. Bf6 Rg2+ 50. Kd1 Bd6 51. Be5 f4 52. Re1 Rg3 53. Kd2 Rd3+
54. Kc2 f3 55. Bxd6 Kxd6 56. Re8 Kd7 57. Re5 Kd6 58. Re8 Kd7 1/2-1/2

[Event "DEM U16 2016"]
[Site "Willingen GER"]
[Date "2016.05.18"]
[Round "6"]
[White "Oberhofer, Cédric"]
[Black "Savchenko, Daniel"]
[Result "1/2-1/2"]
[Termination "normal"]
[Board "12"]
[WhiteElo "2090"]
[BlackElo "1955"]
[WhiteClock "00:04:30"]
[BlackClock "00:07:20"]
[PlyCount "116"]
[WhiteFideId "12941220"]
[BlackFideId "12919195"]
[EventCountry "GER"]
[EventRounds "9"]
[EventType "swiss"]
[EventDate "2016.05.14"]

1. d4 Nf6 2. c4 c5 3. d5 e6 4. Nf3 exd5 5. cxd5 d6 6. g3 g6 7. Bg2 Bg7 8. O-O
O-O 9. Nc3 a6 10. a4 Nbd7 11. Bf4 Qc7 12. Qd2 Re8 13. Rfc1 Rb8 14. Rab1 Nh5 15.
Bh6 Ne5 16. Bxg7 Nxg7 17. Nxe5 Rxe5 18. b4 b6 19. Ne4 Ne8 20. a5 Bf5 21. f3
Bxe4 22. fxe4 b5 23. Qc3 c4 24. Qd4 Qe7 25. Rf1 Ng7 26. g4 h5 27. h3 hxg4 28.
hxg4 Rb7 29. Rf4 Ne8 30. Rbf1 Qf8 31. R4f3 Qg7 32. Rf4 Ree7 33. Qxg7+ Kxg7 34.
Rc1 Rbc7 35. Rc3 Nf6 36. Bf3 g5 37. Rf5 Kg6 38. e5 Rxe5 39. Rxe5 dxe5 40. e4
Ne8 41. Kf2 Nd6 42. Kg3 Nc8 43. Bg2 Rd7 44. Bf3 Kg7 45. Bg2 Ne7 46. Rc2 Ng6 47.
Bf1 Nf4 48. Rd2 Rd8 49. Kf3 Kf6 50. Rh2 Rc8 51. Ke3 c3 52. Rc2 Ke7 53. Kf3 f6
54. Ke3 f5 55. gxf5 g4 56. Kf2 Nh5 57. Kg2 Kd6 58. Kf2 Ke7 1/2-1/2

[Event "DEM U16 2016"]
[Site "Willingen GER"]
[Date "2016.05.18"]
[Round "6"]
[White "Schlick, Stefan"]
[Black "Piskaykin, Bogdan"]
[Result "1-0"]
[Termination "normal"]
[Board "13"]
[WhiteElo "1918"]
[BlackElo "1869"]
[WhiteClock "00:33:51"]
[BlackClock "00:28:41"]
[PlyCount "85"]
[WhiteFideId "16211332"]
[BlackFideId "12941212"]
[EventCountry "GER"]
[EventRounds "9"]
[EventType "swiss"]
[EventDate "2016.05.14"]

1. d4 c5 2. d5 e5 3. e4 d6 4. Nc3 Be7 5. Be2 Nf6 6. Nf3 O-O 7. O-O Ne8 8. Nd2
f5 9. f4 exf4 10. Rxf4 fxe4 11. Ndxe4 Nd7 12. Bg4 Ne5 13. Rxf8+ Bxf8 14. Bxc8
Qxc8 15. h3 Nc7 16. Qe2 Qe8 17. Bf4 b6 18. Re1 Ng6 19. Qd2 Qd7 20. Ng5 Re8 21.
Rf1 b5 22. Qd3 Be7 23. Ne6 b4 24. Nxc7 Qxc7 25. Ne4 Nxf4 26. Rxf4 c4 27. Qg3
Rf8 28. Kh2 a5 29. Qg4 Qc8 30. Rxf8+ Qxf8 31. Qe6+ Kh8 32. Kg1 g6 33. c3 b3 34.
a3 Kg7 35. g3 Qd8 36. Kg2 Bf8 37. h4 h6 38. Kh3 a4 39. g4 Qc7 40. Qf6+ Kg8 41.
Qxg6+ Kh8 42. Qf6+ Kh7 43. Qxf8 1-0